Paroles Sinaloa - Kaaris - Statistiques

Statistiques générales
  • Ce quiz a été pris 7 fois
  • Le résultat moyen est 238 sur 453
Statistiques - réponses
Hint Réponse % Correct
à
100%
a
100%
ces
100%
Glock
100%
loi
100%
ne
100%
négro
100%
pas
100%
Si
100%
Sinaloa
100%
tchoin
100%
2.7
75%
Intro Back
75%
bédo
75%
C'est
75%
c'est
75%
conne
75%
de
75%
du
75%
et
75%
faire
75%
fait
75%
Future
75%
il
75%
ils
75%
Je
75%
je
75%
la
75%
Lamborghini
75%
le
75%
Le
75%
Les
75%
les
75%
l'ont
75%
me
75%
nigga
75%
poto
75%
Reventón
75%
se
75%
Couplet unique Soit
75%
te
75%
the
75%
to
75%
tout
75%
un
75%
une
75%
Z.E.R.O
75%
au
50%
baisser
50%
balle
50%
balles
50%
Booder
50%
ça
50%
Cartel
50%
commis
50%
des
50%
dis
50%
donc
50%
Dos
50%
dossiers
50%
elle
50%
fond
50%
français
50%
gol-ri
50%
inavouables
50%
J'suis
50%
leur
50%
ma
50%
Mayas
50%
On
50%
oui
50%
passent
50%
plus
50%
pour
50%
que
50%
qu'on
50%
ramasser
50%
rap
50%
règles
50%
ressemble
50%
sang
50%
ses
50%
sœur
50%
souffert
50%
souvent
50%
Ta
50%
ta
50%
temps
50%
t'es
50%
tes
50%
toi
50%
'uc
50%
voit
50%
vu
50%
again
25%
arrières
25%
arroser
25%
avaient
25%
Barbu
25%
barrières
25%
beaucoup
25%
Ben
25%
bien
25%
bitch
25%
bite
25%
boko
25%
bouche
25%
bras
25%
bre-som
25%
carrière
25%
Cette
25%
champagne
25%
Come
25%
come
25%
comme
25%
côtés
25%
crâne
25%
cul
25%
d'actes
25%
dans
25%
dégotée
25%
détente
25%
deux
25%
dit
25%
doigt
25%
donne
25%
drapeau
25%
dur
25%
est
25%
éteindre
25%
fantôme
25%
fête
25%
Fett
25%
Fifty
25%
filles
25%
fois
25%
font
25%
fuck
25%
fumé
25%
gosier
25%
grec
25%
gueule
25%
Guwop
25%
haine
25%
j'ai
25%
Jango
25%
j'attends
25%
j'écoute
25%
j'me
25%
j'prends
25%
j'sors
25%
J'vais
25%
j'vais
25%
kamagra
25%
Laden
25%
l'air
25%
l'équipe
25%
leurs
25%
manges
25%
méchant
25%
m'en
25%
merde
25%
mon
25%
mots
25%
nègres
25%
nuits
25%
Obi-Wan
25%
Par
25%
par
25%
pédés
25%
pense
25%
Pété
25%
pétée
25%
petite
25%
pisse
25%
planter
25%
posé
25%
prend
25%
prendre
25%
prétendent
25%
promène
25%
punir
25%
Quand
25%
Regarde
25%
rehab'
25%
revenir
25%
rien
25%
rosé
25%
sais
25%
sans
25%
sont
25%
sort
25%
sur
25%
t'allumer
25%
t'as
25%
tentent
25%
tires
25%
ton
25%
toujours
25%
toute
25%
traîtres
25%
Trappeur
25%
trou
25%
tu
25%
Tu
25%
vais
25%
veau-cer
25%
vend
25%
veux
25%
vitres
25%
Y'aura
25%
après
0%
Armes
0%
avait
0%
avec
0%
catégorie
0%
chez
0%
c'qu'ils
0%
disques
0%
Galilée
0%
gorille
0%
grands
0%
gueuzné
0%
jamais
0%
J'mets
0%
large
0%
l'écran
0%
logistique
0%
magic
0%
mais
0%
one-one
0%
paro
0%
plat
0%
plats
0%
p'tits
0%
puristes
0%
qu'ces
0%
qu'un
0%
raison
0%
risque
0%
ronde
0%
stick
0%
subsiste
0%
sudistes
0%
Terre
0%
tikaves
0%
tort
0%
Aucun quiz correspondant
Distribution des résultats
% des personnes avec chaque résultat
Percentile par nombre de réponses
Votre historique - résultats
Vous n’avez pas pris ce quiz